000 00486nam a2200181Ia 4500
008 090124s9999 xx 000 0 und d
082 _b111692
100 _aकर्णिक मधु मंगेश
245 _a तहान
250 _a1
260 _c1966
300 _a180
600 _aकर्णिक मधु मंगेश
630 _a तहान
700 _aकर्णिक मधु मंगेश
730 _a तहान
942 _cBOOK
999 _c157783
_d157783